| 000 | 00482nmm a2200169Ia 4500 | ||
|---|---|---|---|
| 008 | 251105s9999||||xx |||||||||||||||||und|| | ||
| 020 | _a8485709942 | ||
| 041 | _aspa | ||
| 100 | _aGuillén, Rafael | ||
| 245 | 0 | _aLos estados transparentes | |
| 264 |
_a[Madrid, España] : _bLibros de la Frontera, _c1993 |
||
| 300 | _a69 páginas | ||
| 490 | _aEl Bardo, (Carlos Sahagún) | ||
| 650 | _aSpanish poetry | ||
| 856 | _uhttps://public.digitaliapublishing.com/a/10152 | ||
| 942 | _cCF | ||
| 999 |
_c73830 _d73830 |
||